Irrigation And Water Supply In Andhradesa/ (Record no. 199592)

MARC details
000 -LEADER
fixed length control field 00687nam a22001937a 4500
005 - DATE AND TIME OF LATEST TRANSACTION
control field 20240125120511.0
010 ## - LCCN (DPL NO)
LC control number ENG-113925
020 ## - INTERNATIONAL STANDARD BOOK NUMBER
Terms of availability 100.00
International Standard Book Number 9789381112748
035 ## - SYSTEM CONTROL NUMBER
System control number EN-122558
037 ## - SOURCE OF ACQUISITION
Source of stock number/acquisition DBAD/PUB
082 ## - DEWEY DECIMAL CLASSIFICATION NUMBER
Classification number 671.1441
Edition number First
100 ## - MAIN ENTRY--PERSONAL NAME
Personal name Rani, Mercy Ratna
245 ## - TITLE STATEMENT
Title Irrigation And Water Supply In Andhradesa/
Statement of responsibility, etc By D. Mercy Ratna Rani
250 ## - EDITION STATEMENT
Edition statement First
260 ## - PUBLICATION, DISTRIBUTION, ETC. (IMPRINT)
Place of publication, distribution, etc Kuppam
Name of publisher, distributor, etc Center For Publication & Extension Services
Date of publication, distribution, etc 2016
270 ## - ADDRESS
City Kuppam
Address Center for Publications &Extension Services, Dravidian University, Srinivasavanam
Telephone number 8570278220
Postal code 517426
300 ## - PHYSICAL DESCRIPTION
Extent xii,144p.
Dimensions 22cm(pbk)
Other physical details index
942 ## - ADDED ENTRY ELEMENTS (KOHA)
Source of classification or shelving scheme Dewey Decimal Classification
Item type English Books
Classification part 671.1441
Call number suffix RAN
Holdings
Withdrawn status Lost status Not for loan Collection code Home library Current library Date acquired Source of acquisition Cost, normal purchase price Full call number Barcode Copy number Cost, replacement price Koha item type
      Non-fiction Sarojini Nagar Sarojini Nagar 25/01/2024 DBAD/PUB 100.00 671.1441 RAN EN-122558 1 100.00 English Books

© Delhi Public Library
Hit Counter
free hit counter